000 00959na a2200313 4500
001 16037
003 MIRAKIL
005 20181213154747.0
008 160929b tu 000 0
020 _a9786054307562
035 _a16037
040 _aMilas
_btur
_cTR-AnCHP
082 _a956.22624
_bC25a 2010
090 _a956.22624 C25a 2010
100 _aCanberk, Güray
222 _aAksaray
245 _aMeydanları kaybolmuş yorgun bir semt
_bAksaray
_cSabri Kuşkonmaz ; editör Rozerin Doğan
260 _aİstanbul
_bHeyamola yayınları
_c2010
300 _a123 s.
_bres.
_c20 sm.
490 _aİstanbulum dizisi
_v50
490 _aHeyamola Yayınları
_v156
504 _aKaynakça var.
651 _aAksaray (İstanbul)
_xKültür
_yTarih
651 _aAksaray (İstanbul)
_xGezi ve tanıtım
651 _aİstanbul
_xKültür
_yTarih
651 _aİstanbul
_xTarih
_yGezi ve tanıtım
700 _aDoğan, Rozerin
942 _2ddc
_cBKS
999 _c379
_d379